000 00592nam a22001697a 4500
003 UA-OsUOA
001 18881
007 ta
008 20040616b un ||||| |||| 00| 0 ukr d
942 _cSA
040 _aUA-OsUOA
_cUA-OsUOA
_dUA-OsUOA
245 _aAve-Maria від Марії
_b[Про Гончарову М. засл. працівника культури, керівника камерного хору "AVE Maria"]
300 _aС.4
955 _a0
773 0 _w0
_tРівненська газета
_dРівне
_d2004
_g№43/9 черв./
650 7 _aГончарова М.
_2UDC
999 _c305052
_d305052